INDIGENOUS peoples of Asia : Many peoples, one struggle

Bibliographic Details
Other Authors: Colins, Singh
Format: Book
Published: Bangkok, Thailand : Asia Indigenous Peoples Pact , 1996
Subjects:

MARC

LEADER 00000cam a2200000 7i4500
001 0000000191
005 20000718.0
090 0 0 |a 305.08095   |b IND 1996 
245 0 0 |a INDIGENOUS peoples of Asia :   |b Many peoples, one struggle   |c editors Colin Nicholas and Raajen Singh 
260 0 0 |a Bangkok, Thailand :   |b Asia Indigenous Peoples Pact ,   |c 1996 
300 |a viii,,28p. :   |b ill., maps ;   |c 23 cm. 
650 0 0 |a Ethnology   |z Asia 
650 0 0 |a Indigenous peoples   |z Asia 
700 0 1 |a Colins   |h Nicholas 
700 0 1 |a Singh   |h Raajen 
999 |a 0000001371   |b Monograph   |c Open Shelf   |e Default branch